[Event "XII. DBMM Schach"]
[Site "Berlin"]
[Date "2012.10.11"]
[Round "1.1"]
[White "Lipp, Hubert"]
[Black "Meister, Jakob"]
[Result "0-1"]
[WhiteElo "2064"]
[BlackElo "2414"]
[Annotator "br"]
[PlyCount "118"]
[EventDate "2012.??.??"]
[Source "FV Schach e.V."]
[SourceDate "2012.10.14"]
[WhiteTeam "R+V Vers. Wiesbaden II"]
[BlackTeam "SK Praesident Berlin"]
[WhiteTeamCountry "GER"]
[BlackTeamCountry "RUS"]

1. e4 e5 2. Nf3 Nc6 3. Bb5 a6 4. Bxc6 dxc6 5. d4 exd4 6. Qxd4 Qxd4 7. Nxd4 Bd7
8. Be3 O-O-O 9. Nd2 g6 10. O-O-O Bg7 11. Ne2 Ne7 12. f3 b6 13. h4 h5 14. Nf4
Rhe8 15. Rhe1 c5 16. Nf1 a5 17. Nd5 Nxd5 18. Rxd5 Be6 19. Rxd8+ Rxd8 20. a3 Kb7
21. Bg5 Rd7 22. Ne3 b5 23. Rd1 Rxd1+ 24. Nxd1 b4 25. Kd2 Kc6 26. c3 Kb5 27. Be7
Be5 28. Ne3 Bb3 29. g4 Be6 30. Kd3 Bg3 31. Kd2 Ka4 32. gxh5 gxh5 33. axb4 cxb4
34. cxb4 axb4 35. Nc2 c5 36. Bxc5 b3 37. Nd4 Bxh4 38. Nxe6 fxe6 39. Ke3 Bf6 40.
Bd4 e5 41. Bc3 Kb5 42. Kf2 Kc6 43. Kg3 Kd6 44. Bd2 Ke6 45. Kh3 Kf7 46. Bc3 Ke6
47. Bd2 Be7 48. Kg3 Kf6 49. Bc3 Bc5 50. Bd2 Bd4 51. Bc1 Kg6 52. Kh3 Bf2 53. Bd2
Kf6 54. Kg2 Bd4 55. Bc1 Ke6 56. Kg3 Kd6 57. Kh4 Kc5 58. Kxh5 Kc4 59. Kg4 Kd3
0-1

[Event "XII. DBMM Schach"]
[Site "Berlin"]
[Date "2012.10.11"]
[Round "1.2"]
[White "Salov, Sergej"]
[Black "Leidorf, Sebastian"]
[Result "1/2-1/2"]
[WhiteElo "2332"]
[BlackElo "2051"]
[Annotator "br"]
[PlyCount "47"]
[EventDate "2012.??.??"]
[Source "FV Schach e.V."]
[SourceDate "2012.10.14"]
[WhiteTeam "SK Praesident Berlin"]
[BlackTeam "R+V Vers. Wiesbaden II"]
[WhiteTeamCountry "RUS"]
[BlackTeamCountry "GER"]

1. e4 c6 2. d4 d5 3. Nd2 dxe4 4. Nxe4 Nf6 5. Nxf6+ gxf6 6. c3 Bf5 7. Nf3 e6 8.
g3 Bd6 9. Bg2 Qc7 10. O-O Nd7 11. Nh4 Bg6 12. f4 f5 13. Qd3 O-O-O 14. b4 Bh5
15. Rb1 Be7 16. Nf3 Bxf3 17. Qxf3 h5 18. b5 c5 19. d5 c4 20. Rd1 Nf6 21. dxe6
fxe6 22. Be3 Nd5 23. Bd4 Bc5 24. Kf1 1/2-1/2

[Event "XII. DBMM Schach"]
[Site "Berlin"]
[Date "2012.10.11"]
[Round "1.3"]
[White "Launert, Martin"]
[Black "Gruzman, Boris"]
[Result "0-1"]
[WhiteElo "1884"]
[BlackElo "2164"]
[Annotator "br"]
[PlyCount "68"]
[EventDate "2012.??.??"]
[Source "FV Schach e.V."]
[SourceDate "2012.10.14"]
[WhiteTeam "R+V Vers. Wiesbaden II"]
[BlackTeam "SK Praesident Berlin"]
[WhiteTeamCountry "GER"]
[BlackTeamCountry "RUS"]

1. e4 c5 2. Nf3 d6 3. d4 cxd4 4. Nxd4 Nf6 5. Nc3 a6 6. Bc4 e6 7. Bb3 Nbd7 8.
Bg5 Nc5 9. f4 Be7 10. Qf3 O-O 11. O-O-O Nxb3+ 12. Nxb3 Qc7 13. Rhe1 b5 14. e5
Bb7 15. Qg3 dxe5 16. Bxf6 Bxf6 17. fxe5 b4 18. Ne4 Qxe5 19. Qxe5 Bxe5 20. g3
Bd5 21. Nec5 Bc7 22. Rd3 a5 23. Na4 Rfd8 24. Nbc5 Bc6 25. Red1 Rxd3 26. Rxd3
Rd8 27. Kd2 h5 28. Na6 Bxa4 29. Nxc7 Rc8 30. b3 Bc6 31. Na6 Be4 32. c4 Bxd3 33.
Kxd3 Rc6 34. Nb8 Rb6 0-1

[Event "XII. DBMM Schach"]
[Site "Berlin"]
[Date "2012.10.11"]
[Round "1.4"]
[White "Mueller, Reinhard"]
[Black "Finkhaeuser, Jens"]
[Result "1-0"]
[WhiteElo "2073"]
[BlackElo "1706"]
[Annotator "br"]
[PlyCount "59"]
[EventDate "2012.??.??"]
[Source "FV Schach e.V."]
[SourceDate "2012.10.14"]
[WhiteTeam "SK Praesident Berlin"]
[BlackTeam "R+V Vers. Wiesbaden II"]
[WhiteTeamCountry "RUS"]
[BlackTeamCountry "GER"]

1. e4 c6 2. d4 d5 3. exd5 cxd5 4. Bd3 Nf6 5. c3 g6 6. Nf3 Bg7 7. h3 O-O 8. O-O
b6 9. Re1 Qc7 10. Ne5 Nbd7 11. Bf4 Nxe5 12. Bxe5 Qd7 13. Nd2 Bb7 14. Qe2 Rfe8
15. a4 a5 16. Nf3 Rac8 17. Bh2 e6 18. Bb5 Bc6 19. Ne5 Bxb5 20. axb5 Qb7 21. Nc6
Bf8 22. b4 Rxc6 23. bxc6 Qxc6 24. bxa5 bxa5 25. Rxa5 Qxc3 26. Ra4 Rc8 27. Bf4
Bg7 28. Rc1 Qxc1+ 29. Bxc1 Rxc1+ 30. Kh2 1-0

[Event "XII. DBMM Schach"]
[Site "Berlin"]
[Date "2012.10.11"]
[Round "1.1"]
[White "Figura, Atila Gajo"]
[Black "Raum, Norbert"]
[Result "1-0"]
[WhiteElo "2322"]
[BlackElo "1869"]
[Annotator "br"]
[PlyCount "65"]
[EventDate "2012.??.??"]
[Source "FV Schach e.V."]
[SourceDate "2012.10.14"]
[WhiteTeam "SV Senat Berlin"]
[BlackTeam "Baubehoerde Hamburg II"]
[WhiteTeamCountry "GER"]
[BlackTeamCountry "GER"]

1. d4 e6 2. c4 Nf6 3. Nc3 b6 4. e4 Bb4 5. Bd3 Bxc3+ 6. bxc3 d6 7. f4 Qe7 8. Nf3
Bb7 9. Qe2 Nc6 10. e5 Nd7 11. O-O Na5 12. exd6 cxd6 13. f5 e5 14. c5 bxc5 15.
dxc5 dxc5 16. f6 gxf6 17. Nh4 Rg8 18. Be4 Bxe4 19. Qxe4 Nb6 20. Be3 h5 21. Nf5
Qc7 22. Ng3 Nac4 23. Nxh5 O-O-O 24. Nxf6 Rg6 25. Qf5+ Kb8 26. Bg5 Nd2 27. Rfd1
Nbc4 28. Rab1+ Nxb1 29. Rxd8+ Qxd8 30. Nd7+ Qxd7 31. Qxd7 Nxc3 32. Qe8+ Kb7 33.
Qxf7+ 1-0

[Event "XII. DBMM Schach"]
[Site "Berlin"]
[Date "2012.10.11"]
[Round "1.2"]
[White "Hoffeins, Hans-Werner"]
[Black "Kalinitschew, Sergej"]
[Result "0-1"]
[WhiteElo "1791"]
[BlackElo "2387"]
[Annotator "br"]
[PlyCount "66"]
[EventDate "2012.??.??"]
[Source "FV Schach e.V."]
[SourceDate "2012.10.14"]
[WhiteTeam "Baubehoerde Hamburg II"]
[BlackTeam "SV Senat Berlin"]
[WhiteTeamCountry "GER"]
[BlackTeamCountry "GER"]

1. d3 d5 2. Nd2 c5 3. e4 Nf6 4. Ngf3 Nc6 5. Be2 g6 6. O-O Bg7 7. c3 O-O 8. Qc2
Rb8 9. exd5 Nxd5 10. Nc4 Qc7 11. Re1 Rd8 12. Ne3 Nf4 13. Bf1 b6 14. Rd1 Ba6 15.
g3 Ne6 16. Qa4 Bb7 17. Ng4 Ncd4 18. Nxd4 cxd4 19. c4 Nc5 20. Qc2 Qc6 21. f3
Qxf3 22. Qe2 Rd6 23. Bf4 Qh1+ 24. Kf2 Re6 25. Bxb8 Rxe2+ 26. Bxe2 Qg2+ 27. Ke1
h5 28. Nf2 Bh6 29. Bf4 Bxf4 30. gxf4 Ne6 31. f5 gxf5 32. Bf1 Qg1 33. Nh3 Qe3+
0-1

[Event "XII. DBMM Schach"]
[Site "Berlin"]
[Date "2012.10.11"]
[Round "1.3"]
[White "Von Herman, Ulf"]
[Black "Busch, Klaus"]
[Result "1-0"]
[WhiteElo "2317"]
[BlackElo "1790"]
[Annotator "br"]
[PlyCount "63"]
[EventDate "2012.??.??"]
[Source "FV Schach e.V."]
[SourceDate "2012.10.14"]
[WhiteTeam "SV Senat Berlin"]
[BlackTeam "Baubehoerde Hamburg II"]
[WhiteTeamCountry "GER"]
[BlackTeamCountry "GER"]

1. c4 e5 2. g3 g6 3. Bg2 Bg7 4. Nc3 Ne7 5. e4 Nbc6 6. Nge2 O-O 7. d3 Nd4 8.
Nxd4 exd4 9. Ne2 c6 10. h4 d5 11. cxd5 cxd5 12. h5 Bg4 13. hxg6 hxg6 14. Bg5
Qa5+ 15. Qd2 Qxd2+ 16. Kxd2 f6 17. Bf4 dxe4 18. Bxe4 Rad8 19. Bxb7 Rd7 20. Ba6
Be6 21. Bh6 Nf5 22. Bxg7 Kxg7 23. Rhc1 Rb8 24. b3 Rb6 25. Bc8 Rd8 26. Rc7+ Kh6
27. Bxe6 Rxe6 28. Rxa7 Kg5 29. Ra5 Re7 30. Rh1 Kg4 31. Ng1 Re6 32. Rh3 1-0

[Event "XII. DBMM Schach"]
[Site "Berlin"]
[Date "2012.10.11"]
[Round "1.4"]
[White "Hein, Andrea"]
[Black "Kachibadze, Georg"]
[Result "0-1"]
[WhiteElo "1470"]
[BlackElo "2298"]
[Annotator "br"]
[PlyCount "68"]
[EventDate "2012.??.??"]
[Source "FV Schach e.V."]
[SourceDate "2012.10.14"]
[WhiteTeam "Baubehoerde Hamburg II"]
[BlackTeam "SV Senat Berlin"]
[WhiteTeamCountry "GER"]
[BlackTeamCountry "GER"]

1. e4 c5 2. Nc3 Nc6 3. Nf3 d6 4. Bb5 Bd7 5. O-O Nf6 6. d3 g6 7. Re1 Bg7 8. a3
O-O 9. Be3 a6 10. Bxc6 Bxc6 11. Rc1 Ng4 12. Bd2 b5 13. h3 Ne5 14. Nxe5 Bxe5 15.
Rb1 a5 16. Nd5 e6 17. Ne3 f5 18. Nf1 fxe4 19. dxe4 Qf6 20. Qe2 b4 21. axb4 axb4
22. b3 Ra2 23. Bh6 Rf7 24. Nh2 Qh4 25. Ng4 Bc3 26. Rf1 Qe7 27. Rbd1 Bb7 28. Qb5
Bg7 29. Qb6 Ra6 30. Qb5 Ra8 31. Qb6 Ra6 32. Qb5 Qd7 33. Qxd7 Rxd7 34. Ra1 Bxa1
0-1

[Event "XII. DBMM Schach"]
[Site "Berlin"]
[Date "2012.10.11"]
[Round "1.1"]
[White "Gebert Vangeel, Ralf"]
[Black "Lubbe, Nikolas"]
[Result "1/2-1/2"]
[WhiteElo "1971"]
[BlackElo "2406"]
[Annotator "br"]
[PlyCount "116"]
[EventDate "2012.??.??"]
[Source "FV Schach e.V."]
[SourceDate "2012.10.14"]
[WhiteTeam "SV OSRAM Berlin II"]
[BlackTeam "KPMG AG Frankfurt"]
[WhiteTeamCountry "GER"]
[BlackTeamCountry "GER"]

1. e4 d5 2. exd5 Qxd5 3. Nc3 Qa5 4. d4 Nf6 5. Nf3 Bg4 6. Be2 Nc6 7. O-O O-O-O
8. Ng5 Rxd4 9. Qe1 Nd8 10. Be3 Rd7 11. f3 Bf5 12. b4 Qe5 13. Bxa7 h6 14. f4 Qd6
15. Nf3 Qxb4 16. Ne5 b6 17. Rb1 Qa5 18. Bxb6 cxb6 19. Rb5 Qa7 20. Nc4 e6 21.
Nxb6+ Kb8 22. Qf2 Rb7 23. Rfb1 Qa3 24. Qd4 Qd6 25. Qa4 Qa3 26. Qc4 e5 27. fxe5
Be6 28. Qd3 Bc5+ 29. Kh1 Bxb6 30. exf6 Bc7 31. Bf3 Rxb5 32. Qxb5+ Kc8 33. Bb7+
Kb8 34. Bd5+ Kc8 35. fxg7 Rg8 36. Bb7+ Kb8 37. Nd5 Bxd5 38. Bxd5+ Ka7 39. Qc4
Qd6 40. g3 Bb6 41. Qa4+ Kb8 42. Qb5 Kc7 43. Rb4 Ne6 44. Rc4+ Nc5 45. Bf3 Rxg7
46. a4 Qf6 47. Kg2 Kd8 48. a5 Ba7 49. Rxc5 Bxc5 50. Qxc5 Rg5 51. Qb6+ Qxb6 52.
axb6 Rc5 53. Be4 Rc4 54. Kf3 Rb4 55. b7 Kc7 56. g4 Rc4 57. Kf4 Rc5 58. h4 f6
1/2-1/2

[Event "XII. DBMM Schach"]
[Site "Berlin"]
[Date "2012.10.11"]
[Round "1.2"]
[White "Ohme, Melanie"]
[Black "Eisermann, Daniel"]
[Result "1-0"]
[WhiteElo "2337"]
[BlackElo "1924"]
[Annotator "br"]
[PlyCount "41"]
[EventDate "2012.??.??"]
[Source "FV Schach e.V."]
[SourceDate "2012.10.14"]
[WhiteTeam "KPMG AG Frankfurt"]
[BlackTeam "SV OSRAM Berlin II"]
[WhiteTeamCountry "GER"]
[BlackTeamCountry "GER"]

1. e4 e5 2. Bc4 Nf6 3. d3 Bc5 4. Nf3 Nc6 5. Bb3 d6 6. c3 O-O 7. Bg5 h6 8. Bh4
Bg4 9. Nbd2 a6 10. Qe2 b5 11. h3 Bd7 12. Nf1 Re8 13. Ne3 Be6 14. Ng4 Bxg4 15.
hxg4 Na5 16. Bc2 Nc6 17. g5 hxg5 18. Bxg5 b4 19. Ba4 Qd7 20. Bxf6 gxf6 21. Nh4
1-0

[Event "XII. DBMM Schach"]
[Site "Berlin"]
[Date "2012.10.11"]
[Round "1.3"]
[White "Mayer, Herbert"]
[Black "Knickel, Aaron"]
[Result "1-0"]
[WhiteElo "1839"]
[BlackElo "2190"]
[Annotator "br"]
[PlyCount "54"]
[EventDate "2012.??.??"]
[Source "FV Schach e.V."]
[SourceDate "2012.10.14"]
[WhiteTeam "SV OSRAM Berlin II"]
[BlackTeam "KPMG AG Frankfurt"]
[WhiteTeamCountry "GER"]
[BlackTeamCountry "GER"]

1. f4 g6 2. Nf3 Bg7 3. e3 d6 4. Be2 Nf6 5. Nc3 Nbd7 6. b3 O-O 7. Bb2 Nd5 8. O-O
Nxc3 9. Bxc3 Bxc3 10. dxc3 e5 11. Bc4 h6 12. Kh1 Qe7 13. Qe1 Kg7 14. Qg3 Nb6
15. fxe5 Nxc4 16. bxc4 Be6 17. exd6 Qxd6 18. Qxd6 cxd6 19. Nd2 Rac8 20. Rf4 Rc5
21. Rb1 b6 22. h3 Re8 23. Rbf1 Rc7 24. Rd4 Bxc4 25. Rff4 Bxa2 26. Ne4 Re5 27.
Nxd6 Be6 1-0

[Event "XII. DBMM Schach"]
[Site "Berlin"]
[Date "2012.10.11"]
[Round "1.4"]
[White "De Visser, Leon"]
[Black "Mueller, Gerd"]
[Result "1-0"]
[WhiteElo "2146"]
[BlackElo "1854"]
[Annotator "br"]
[PlyCount "27"]
[EventDate "2012.??.??"]
[Source "FV Schach e.V."]
[SourceDate "2012.10.14"]
[WhiteTeam "KPMG AG Frankfurt"]
[BlackTeam "SV OSRAM Berlin II"]
[WhiteTeamCountry "GER"]
[BlackTeamCountry "GER"]

1. c4 e5 2. g3 Nf6 3. Bg2 Bc5 4. Nc3 O-O 5. a3 a5 6. e3 Re8 7. Nge2 Nc6 8. O-O
e4 9. Qc2 Qe7 10. Nd5 Qe5 11. Nxf6+ gxf6 12. Nc3 f5 13. b3 Qd6 14. Nb5 1-0

[Event "XII. DBMM Schach"]
[Site "Berlin"]
[Date "2012.10.11"]
[Round "1.1"]
[White "Seger, Ruediger"]
[Black "Welz, Peter"]
[Result "1-0"]
[WhiteElo "2390"]
[BlackElo "2057"]
[Annotator "br"]
[PlyCount "73"]
[EventDate "2012.??.??"]
[Source "FV Schach e.V."]
[SourceDate "2012.10.14"]
[WhiteTeam "Deutsche Post Bonn"]
[BlackTeam "Deutsche Bahn/BSW Berlin"]
[WhiteTeamCountry "GER"]
[BlackTeamCountry "GER"]

1. e4 e6 2. d4 d5 3. Nd2 Nf6 4. e5 Nfd7 5. c3 c5 6. Bd3 Nc6 7. Ne2 cxd4 8. cxd4
Qb6 9. Nf3 Bb4+ 10. Bd2 Bxd2+ 11. Qxd2 Qb4 12. Rc1 Qxd2+ 13. Kxd2 a6 14. a3 f6
15. exf6 Nxf6 16. Ne5 Bd7 17. f4 O-O 18. Rc3 Rac8 19. Rhc1 Nxe5 20. dxe5 Rxc3
21. Rxc3 Ne8 22. Ke3 g6 23. Nd4 Kf7 24. g4 Ke7 25. Rc1 Rh8 26. h4 h5 27. Rg1
hxg4 28. Rxg4 Nc7 29. Bxg6 Nb5 30. h5 Nxd4 31. Kxd4 b6 32. Rh4 Be8 33. Bxe8
Rxe8 34. h6 Rh8 35. h7 Kf7 36. Rh6 Ke7 37. f5 1-0

[Event "XII. DBMM Schach"]
[Site "Berlin"]
[Date "2012.10.11"]
[Round "1.2"]
[White "Rollwitz, Juergen"]
[Black "Stanetzek, Carsten"]
[Result "0-1"]
[WhiteElo "1841"]
[BlackElo "2245"]
[Annotator "br"]
[PlyCount "61"]
[EventDate "2012.??.??"]
[Source "FV Schach e.V."]
[SourceDate "2012.10.14"]
[WhiteTeam "Deutsche Bahn/BSW Berlin"]
[BlackTeam "Deutsche Post Bonn"]
[WhiteTeamCountry "GER"]
[BlackTeamCountry "GER"]

1. e4 e5 2. Bc4 Nf6 3. Nc3 Nc6 4. d3 Bc5 5. Nf3 d6 6. h3 a6 7. Nd5 Nxd5 8. Bxd5
Nb4 9. Bb3 Qf6 10. c3 Nc6 11. Qe2 O-O 12. Be3 h6 13. g4 Bxe3 14. Qxe3 Bd7 15.
g5 hxg5 16. Nxg5 Na5 17. Bc2 g6 18. b4 $11 Nc6 19. a3 Kg7 20. h4 Rh8 21. Bb3
Nd8 22. Kd2 Ne6 23. Bxe6 Bxe6 24. Raf1 a5 25. b5 Qf4 26. Nxe6+ fxe6 27. Qxf4
exf4 28. f3 Rh5 29. Rfg1 Rah8 30. Rg4 Rxb5 31. Kc2 {Rest unleserlich.} 0-1

[Event "XII. DBMM Schach"]
[Site "Berlin"]
[Date "2012.10.11"]
[Round "1.3"]
[White "Dehmel, Jens"]
[Black "Maetzing, Hans Dieter"]
[Result "1/2-1/2"]
[WhiteElo "2064"]
[BlackElo "1830"]
[Annotator "br"]
[PlyCount "132"]
[EventDate "2012.??.??"]
[Source "FV Schach e.V."]
[SourceDate "2012.10.14"]
[WhiteTeam "Deutsche Post Bonn"]
[BlackTeam "Deutsche Bahn/BSW Berlin"]
[WhiteTeamCountry "GER"]
[BlackTeamCountry "GER"]

1. d4 Nc6 2. e4 d5 3. Nc3 dxe4 4. d5 Ne5 5. Qd4 Ng6 6. Qxe4 Nf6 7. Qa4+ Bd7 8.
Bb5 a6 9. Bxd7+ Qxd7 10. Qxd7+ Nxd7 11. Be3 O-O-O 12. O-O-O Nf6 13. Nf3 h6 14.
Rhe1 Ng4 15. Bd4 Rg8 16. h3 Nf6 17. Be3 Nd7 18. b3 e5 19. dxe6 fxe6 20. Kb2 Be7
21. Ne4 b6 22. g3 e5 23. Nfd2 Nf6 24. Nxf6 Bxf6 25. Ne4 Be7 26. c3 Rxd1 27.
Rxd1 Rd8 28. Rxd8+ Kxd8 29. Kc2 Kd7 30. Kd3 Ke6 31. a4 Nf8 32. Kc4 Nd7 33. b4
c6 34. Kb3 b5 35. c4 bxa4+ 36. Kxa4 Bd8 37. Kb3 h5 38. Kc3 a5 39. bxa5 Bxa5+
40. Kd3 Bb4 41. f3 g6 42. g4 hxg4 43. fxg4 Be7 44. Ke2 Nf6 45. Nxf6 Bxf6 46.
Kf3 g5 47. Ke4 Be7 48. Bf2 Bd8 49. Bg3 Bf6 50. Be1 Bd8 51. Bf2 Be7 52. Be1 Ba3
53. h4 gxh4 54. Bxh4 Bf8 55. Bf2 Bg7 56. g5 Bh8 57. Bc5 Bg7 58. Bb4 Bh8 59. Bf8
Kf7 60. Bh6 Kg8 61. c5 Kh7 62. Kf5 e4 63. Kxe4 Kg6 64. Kd3 Be5 65. Kc4 Kf5 66.
Kb4 Bd4 1/2-1/2

[Event "XII. DBMM Schach"]
[Site "Berlin"]
[Date "2012.10.11"]
[Round "1.4"]
[White "Albinus, Guenter"]
[Black "Biedekoepper, Robert"]
[Result "0-1"]
[WhiteElo "1781"]
[BlackElo "2093"]
[Annotator "br"]
[PlyCount "110"]
[EventDate "2012.??.??"]
[Source "FV Schach e.V."]
[SourceDate "2012.10.14"]
[WhiteTeam "Deutsche Bahn/BSW Berlin"]
[BlackTeam "Deutsche Post Bonn"]
[WhiteTeamCountry "GER"]
[BlackTeamCountry "GER"]

1. Nf3 d5 2. b3 Bg4 3. e3 Nd7 4. Be2 e5 5. O-O Ngf6 6. Bb2 Bd6 7. d3 O-O 8.
Nbd2 Qe7 9. e4 c6 10. h3 Bh5 11. Nh2 Bg6 12. Bf3 Ba3 13. Qc1 Bc5 14. Re1 Rfe8
15. a4 Rad8 16. Ba3 Bxa3 17. Qxa3 Qxa3 18. Rxa3 Nc5 19. Ng4 Nxg4 20. hxg4 f6
21. Raa1 $11 Rd7 22. g3 Red8 23. Bg2 Kf8 24. f4 dxe4 25. Nxe4 Bxe4 26. Bxe4
Nxe4 27. Rxe4 Rd4 28. Rae1 Rxe4 29. Rxe4 Rd5 30. Kf2 exf4 31. gxf4 h5 32. gxh5
Rxh5 33. Kg2 Kf7 34. Rb4 b6 35. Rc4 c5 36. d4 Ke6 37. Kg3 Rd5 38. dxc5 Rxc5 39.
Re4+ Kf5 40. Re7 Rc3+ 41. Kf2 Rxc2+ 42. Ke1 a5 43. Rxg7 Rb2 44. Rg3 Kxf4 45.
Rc3 f5 46. Kd1 Ke4 47. Kc1 Rh2 48. Rc6 f4 49. Rxb6 f3 50. Rf6 f2 51. Kd1 Ke3
52. Re6+ Kd3 53. Rd6+ Kc3 54. Ke2 Kxb3 55. Rd5 Kxa4 0-1

[Event "XII. DBMM Schach"]
[Site "Berlin"]
[Date "2012.10.11"]
[Round "1.1"]
[White "Mueller, Ralf"]
[Black "Graudons, Karsten"]
[Result "1-0"]
[WhiteElo "2412"]
[BlackElo "2043"]
[Annotator "br"]
[PlyCount "87"]
[EventDate "2012.??.??"]
[Source "FV Schach e.V."]
[SourceDate "2012.10.14"]
[WhiteTeam "SG Stern Stuttgart"]
[BlackTeam "SG Bund Berlin II"]
[WhiteTeamCountry "GER"]
[BlackTeamCountry "GER"]

1. d4 f5 2. Bg5 g6 3. e4 fxe4 4. Nc3 d5 5. f3 Nf6 6. Qd2 Bf5 7. O-O-O c6 8. g4
Be6 9. h3 Nbd7 10. Be3 Qa5 11. a3 exf3 12. Nxf3 O-O-O 13. Kb1 Nb6 14. Bf4 Na4
15. Nxa4 Qxa4 16. Ng5 Bg8 17. Qe1 Nd7 18. Be5 Nf6 19. Bh2 Nd7 20. Be5 Nf6 21.
Nf3 h6 22. Bd3 Bf7 23. g5 hxg5 24. Nxg5 Be8 25. Ne6 b6 26. Ka2 Rd6 27. b3 Qa5
28. Qxa5 bxa5 29. Ba6+ Kb8 30. Rdf1 Nd7 31. Nxf8 Rxf8 32. Rxf8 Nxf8 33. Rf1 Ne6
34. Bxd6+ exd6 35. Rf6 Bd7 36. Rxg6 Nxd4 37. h4 Bf5 38. Rg7 Ne6 39. Rb7+ Ka8
40. Rf7 Bg4 41. Re7 Kb8 42. h5 Nc7 43. h6 Bf5 44. Bd3 1-0

[Event "XII. DBMM Schach"]
[Site "Berlin"]
[Date "2012.10.11"]
[Round "1.3"]
[White "Scharrer, Udo"]
[Black "Hoffbauer, Joerg"]
[Result "1/2-1/2"]
[WhiteElo "2039"]
[BlackElo "1744"]
[Annotator "br"]
[PlyCount "126"]
[EventDate "2012.??.??"]
[Source "FV Schach e.V."]
[SourceDate "2012.10.14"]
[WhiteTeam "SG Stern Stuttgart"]
[BlackTeam "SG Bund Berlin II"]
[WhiteTeamCountry "GER"]
[BlackTeamCountry "GER"]

1. d4 b6 2. e4 Bb7 3. Bd3 e6 4. Ne2 c5 5. c3 Be7 6. O-O Nf6 7. f3 d6 8. Be3 Qc7
9. Nd2 Nbd7 10. Bf2 Rd8 11. Rc1 e5 12. d5 a6 13. c4 Bc8 14. Nb1 Nh5 15. Qd2 g5
16. g4 Nf4 17. Nxf4 gxf4 18. Kg2 h5 19. h3 Nf8 20. Rh1 Bd7 21. Nc3 Qc8 22. Be2
Rg8 23. Rcg1 Bg5 24. Kf1 Nh7 25. Ke1 h4 26. Kd1 Nf8 27. Qe1 Rh8 28. Qd2 Qb7 29.
a4 Rc8 30. Kc2 Bd8 31. Ra1 Ke7 32. Rhb1 Ng6 33. Kd1 Bc7 34. Bd3 b5 35. axb5
axb5 36. Nxb5 Bxb5 37. cxb5 Bb6 38. Bc4 Qc7 39. Be1 Ra8 40. Ra6 Rxa6 41. bxa6
Rb8 42. b3 Ba7 43. Qa2 Bb6 44. Ra1 Qa7 45. Ba5 Bxa5 46. Qxa5 Kf6 47. Qd2 Rb6
48. Ra5 Ne7 49. Qa2 Kg5 50. Qa4 Kg6 51. Kc2 Rb4 52. Qa1 Rb6 53. Qg1 Kg5 54. Qe1
Nc8 55. Qa1 Ne7 56. Qa4 Kg6 57. Kc3 Rb4 58. Qa2 Rb6 59. Ra4 Kg5 60. Qf2 Nc8 61.
Qg1 Rb4 62. Qa1 Rb6 63. Ra5 Ne7 1/2-1/2

[Event "XII. DBMM Schach"]
[Site "Berlin"]
[Date "2012.10.11"]
[Round "1.4"]
[White "Roth, Joachim"]
[Black "Karthaus, Carsten"]
[Result "0-1"]
[WhiteElo "1823"]
[BlackElo "1965"]
[Annotator "br"]
[PlyCount "86"]
[EventDate "2012.??.??"]
[Source "FV Schach e.V."]
[SourceDate "2012.10.14"]
[WhiteTeam "SG Bund Berlin II"]
[BlackTeam "SG Stern Stuttgart"]
[WhiteTeamCountry "GER"]
[BlackTeamCountry "GER"]

1. c4 e5 2. g3 Nf6 3. Bg2 c6 4. d4 exd4 5. Qxd4 d6 6. Nf3 Be7 7. O-O O-O 8. Nc3
Be6 9. b3 d5 10. cxd5 Nxd5 11. Bb2 Bf6 12. Ne5 Nd7 13. f4 Qb6 14. Nxd5 Bxd5 15.
Bxd5 cxd5 16. e3 Rfe8 17. Rae1 Nxe5 18. fxe5 Bxe5 19. Qxb6 axb6 20. Bd4 Rxa2
21. Bxb6 Rb2 22. Rb1 Rxb1 23. Rxb1 Re6 24. Bd4 f6 25. Rc1 Rc6 26. Rxc6 bxc6 27.
Bc5 Kf7 28. Kf2 Ke6 29. Kf3 h5 30. h3 f5 31. Bb6 g5 32. Bd8 g4+ 33. hxg4 fxg4+
34. Kf2 Bd6 35. Ba5 c5 36. Be1 Kf5 37. Ke2 Ke4 38. Bf2 c4 39. bxc4 dxc4 40. Be1
Be5 41. Bf2 Bc3 42. Bg1 Ba5 43. Bf2 Bb4 0-1

[Event "XII. DBMM Schach"]
[Site "Berlin"]
[Date "2012.10.11"]
[Round "1.1"]
[White "Kuefner, Andreas"]
[Black "Gottschalk, Jens"]
[Result "0-1"]
[WhiteElo "1948"]
[BlackElo "2269"]
[Annotator "br"]
[PlyCount "114"]
[EventDate "2012.??.??"]
[Source "FV Schach e.V."]
[SourceDate "2012.10.14"]
[WhiteTeam "Bayer Berlin"]
[BlackTeam "R+V Vers. Wiesbaden"]
[WhiteTeamCountry "GER"]
[BlackTeamCountry "GER"]

1. e4 c5 2. c3 Nf6 3. e5 Nd5 4. d4 cxd4 5. Bc4 Nb6 6. Bb3 d5 7. exd6 Qxd6 8.
cxd4 Be6 9. Bc2 Nc6 10. Nf3 Rd8 11. Be3 g6 12. Nc3 Bg7 13. O-O O-O 14. Ne4 Qc7
15. Re1 Bd5 16. Rc1 e5 17. Qe2 exd4 18. Bg5 f6 19. Bh4 Qf7 20. b3 a6 21. Qd2 f5
22. Nfg5 Qe7 23. Nf3 Qa3 24. Bxd8 Rxd8 25. Ng3 Qd6 26. Ng5 Nd7 27. Bxf5 gxf5
28. Nxf5 Qf6 29. Qf4 Rf8 30. g4 Nde5 31. Rxc6 Nxc6 32. h4 d3 33. Qe3 Qe5 34.
Qc1 Qd6 35. Qe3 Qe5 36. Qc1 Qb8 37. Qd2 Rxf5 38. gxf5 Ne5 39. Qa5 h6 40. f4
hxg5 41. fxe5 Qa7+ 42. Kf1 Qd4 43. Qd2 gxh4 44. f6 Be6 45. Qg2 Qf4+ 46. Kg1 Qg3
47. Qxg3 hxg3 48. fxg7 Bg4 49. Kg2 d2 50. Rg1 d1=Q 51. Rxd1 Bxd1 52. Kxg3 Kxg7
53. Kf4 Kf7 54. Ke3 Ke6 55. Kd4 Bf3 56. b4 Bc6 57. a3 b6 0-1

[Event "XII. DBMM Schach"]
[Site "Berlin"]
[Date "2012.10.11"]
[Round "1.2"]
[White "Bach, Matthias"]
[Black "Duric, Rajko"]
[Result "1-0"]
[WhiteElo "2263"]
[BlackElo "1694"]
[Annotator "br"]
[PlyCount "139"]
[EventDate "2012.??.??"]
[Source "FV Schach e.V."]
[SourceDate "2012.10.14"]
[WhiteTeam "R+V Vers. Wiesbaden"]
[BlackTeam "Bayer Berlin"]
[WhiteTeamCountry "GER"]
[BlackTeamCountry "GER"]

1. b4 d6 2. Bb2 e5 3. g3 Nf6 4. Bg2 Be7 5. e3 O-O 6. Ne2 Nbd7 7. d3 d5 8. a3 c6
9. Nd2 Re8 10. O-O Bf8 11. c4 Nb6 12. c5 Nbd7 13. e4 d4 14. h3 b6 15. cxb6 axb6
16. f4 c5 17. b5 Ra7 18. Nc4 Qc7 19. f5 Bb7 20. g4 h6 21. Bc1 g5 22. Bd2 Nh7
23. Qb3 Kg7 24. a4 Bd6 25. a5 bxa5 26. b6 Nxb6 27. Qxb6 Qxb6 28. Nxb6 Bc7 29.
Rfb1 Ba6 30. Nc1 Rb8 31. Na4 Rxb1 32. Rxb1 c4 33. dxc4 Bxc4 34. Rb2 Bd6 35. Nb6
Ba6 36. Ra2 Bb4 37. Bxb4 axb4 38. Nd5 Nf6 39. Nxb4 Rc7 40. Ncd3 Bc8 41. Rc2
Rxc2 42. Nxc2 Nd7 43. Ncb4 f6 44. Kf2 Nb6 45. Nc5 Kf7 46. Nc6 Ke8 47. Bf1 Nd7
48. Nxd7 Kxd7 49. Nb4 Bb7 50. Nd5 Bxd5 51. exd5 e4 52. Bg2 e3+ 53. Ke2 Kd6 54.
Kd3 Ke5 55. Be4 Kd6 56. Bf3 Ke5 57. d6 Kxd6 58. Kxd4 Kd7 59. Kxe3 Kc7 60. Kd4
Kd8 61. Bc6 Ke7 62. Kc5 Kf8 63. Kd6 Kf7 64. Bd5+ Kf8 65. Ke6 Kg7 66. Ke7 h5 67.
gxh5 Kh6 68. Kxf6 Kxh5 69. Bf3+ Kh6 70. Bg4 1-0